000 00615nam a2200241 a 4500
001 13514
003 BD-JhCC
005 20231119095142.0
008 230624s2018 bg |||| |||| 000 0 eng d
020 _a9780857503626
035 _a(BD-JhCC)13514
040 _aBD-JhCC
_dBD-JhCC
041 _aenglish
082 _a813.54
_bCHI 2018
100 _aChild, Lee
245 _aPast Tense /
_cLee Child
260 _aLondon :
_bBantam Books;
_c2018.
300 _a500 p. :
_c20 cm.
490 _aA Jack Reacher Thriller
650 _aReacher, Jack (Fictitious character)
650 _aThriller
942 _2ddc
_cBK
999 _c13514
_d13514